Statistics for The Barack Obama Presidency

Click here to take the quiz!

General Stats

  • This quiz has been taken 21,058 times
  • The average score is 17 of 24

Answer Stats

HintAnswer% Correct
He ended U.S. wars in these countriesIraq
96%
WifeMichelle
93%
Nickname of the Affordable Care ActObamacare
92%
He ended U.S. wars in
these countries
Afghanistan
91%
His Vice PresidentJoe Biden
90%
Signed a deal meant to end this
country's nuclear arms program
Iran
86%
Award he won in 2009Nobel Peace Prize
85%
His Secretaries of StateHillary Clinton
83%
He lived in this city before D.C.Chicago
81%
His father was born in
this country
Kenya
80%
He tried, but failed, to close
this notorious prison
Guantanamo Bay
79%
His 2012 Election opponentMitt Romney
79%
He re-established diplomatic
relations with this country
Cuba
78%
He was born in this cityHonolulu
78%
His middle nameHussein
78%
His 2008 Election opponentJohn McCain
77%
DaughterMalia
56%
DaughterSasha
52%
Books he has writtenAudacity of {Hope}
48%
Books he has writtenDreams from my {Father}
48%
His Secretaries of StateJohn Kerry
48%
2008 campaign slogan{Change} we can believe in
47%
In 2011, he released the long-form
version of his …
Birth Certificate
46%
Controversial quoteThey cling to {guns} or religion
33%

Score Distribution

Percentile by Number Answered

Percent of People with Each Score

Your Score History

You have not taken this quiz